| 000 | 00469nam a2200181Ia 4500 | ||
|---|---|---|---|
| 008 | 240729s9999 xx 000 0 und d | ||
| 022 | _a2352-3204 | ||
| 245 | 0 | _aRegenerative Therapy | |
| 260 | _aNetherlands | ||
| 260 | _bElsevier | ||
| 650 | _a Biology (General) | ||
| 650 | _a Cytology | ||
| 650 | _a Medicine (General) | Science | ||
| 650 | _aMedicine | ||
| 856 | _uhttps://doaj.org/toc/c3b087b3514e43ba926159aece90249f | ||
| 942 | _2ddc | ||
| 942 | _cDOAJEJ | ||
| 999 |
_c71478 _d71478 |
||
| 945 |
_a1 _bMadushi Gamage _c1 _dMadushi Gamage |
||